Livonian War time hoard from Sargvere settlement site, Järva country
| Titel: | Livonian War time hoard from Sargvere settlement site, Järva country |
|---|---|
| Verfasser: | |
| Beteiligt: | ; ; |
| In: |
Archaeological fieldwork in Estonia, (2011), Seite 245-252, 8 Abb. alle Artikel anzeigen |
| Veröffentlicht: | 2011 [2012] |
| Format: | Aufsatz |
| Sprache: | Englisch |
X
alg: 39278931 001A $01999:11-11-16 001B $03025:13-03-26 $t15:24:59.000 001C $06050:19-11-16 $t22:37:52.000 001D $01999:11-11-16 001U $0utf8 001X $00 002@ $0Aox 003@ $0392789310 007A $0392789310 $aHEB 007T $0Herdc0099784m 010@ $aeng 011@ $a2011 $n2011 [2012] 021A $aLivonian War time hoard from Sargvere settlement site, Järva country 028A $aTvauri $dAndres 028B/01 $aRammo $dRiina 028B/02 $aVindi $dAndres 028B/03 $aKiudsoo $dMauri 031A $h245-252, 8 Abb. $j2011 037A $aestn. Res. 252: Liivi sőja aegne aare Sargvere asulakohalt Järvamaalt 039B $aIn $8--Abvc--. Archaeological fieldwork in Estonia. - Tallinn : Muinsuskaitseamet, 1997-. - ISSN 1406-3972 $x201100000000000755 $9071356592 044K $RKrieg $#Livonskaja vojna $74167979-9 $8Livländischer Krieg [Ts1] $9085760803 045F $a307.094798 $eDDC23BSB 045F/01 $a307.09 045F/03 $g4798 045T $a6,11 $a7,44 lok: 39278931 78 exp: 39278931 78 1 #EPN 201B/01 $019-04-17 $t11:34:30.000 201U/01 $0utf8 203@/01 $0788899481 208@/01 $a11-11-16 $be 209A/01 $a/ $f000 $x00 220C/01 $aTitelaufnehmer: kk 220C/01 $aHerkunft: HI Marburg 244Z/01 $2Trx $#Estija $#Igaunija $#Estland $#Estonia $#Estonia $#Estónsko $#Estonsko $8--Trx--Eesti $x01 $9391237225 244Z/01 $2Trx $8--Trx--Sargvere$gPaide $x02 $9391288091 244Z/01 $2Trx $#sõda, liivi, 1558-1583 $#Livonijos karas 1558-1583 $#Livonian war 1558-1583 $#háború, Livóniai 1558-1583 $#wojna inflancka 1558-1583 $#vojna livónska 1558-1583 $#válka livonská 1558-1583 $8--Trx--Krieg, Livländischer$g1558-1583 $x03 $939135843X 244Z/01 $as_ys02617 $x04 244Z/01 $2Trx $#arheoloogia uusaeg $#archeologija naujųjų laikų $#archaeology modern age $#régészet újkor $#archeologia nowożytna $#archeológia novoveká $#archeologie novověká $8--Trx--Archäologie$gNeuzeit $x05 $9391373811 244Z/01 $2Trx $#aardeleiud $#lobiai radiniai $#hoard finds $#kincs leletek $#skarby znaleziska $#poklady, nálezy $#poklady, nálezy $#Peitleiud $#Depotfunde $8--Trx--Hortfunde $x06 $9391383051 244Z/01 $2Trx $8--Trx--Zeitschriftenaufsatz $x07 $9391384341 245Z/01 $a13.03 $x01 245Z/01 $a05.03 $x02 247C/01 $82080>Marburg/Lahn, Herder-Institut, Forschungsbibliothek, Bibliographieportal $9336309341
| LEADER | 00000caa a22000002c 4500 | ||
|---|---|---|---|
| 001 | 392789310 | ||
| 003 | DE-603 | ||
| 005 | 20260313152459.0 | ||
| 007 | tu | ||
| 008 | 161111s2011 xx |||| | u00||u|eng c | ||
| 035 | |a (DE-599)HEB392789310 | ||
| 040 | |a DE-603 |b ger |c DE-603 |d DE-603 | ||
| 041 | |a eng | ||
| 082 | 0 | 4 | |8 1\u |a 307.094798 |q DE-101 |2 23/BSB |
| 084 | |a 6,11 |a 7,44 |2 ssgn | ||
| 085 | |8 1\u |b 307.09 | ||
| 085 | |8 1\u |z 2 |s 4798 | ||
| 100 | 1 | |a Tvauri, Andres | |
| 245 | 0 | 0 | |a Livonian War time hoard from Sargvere settlement site, Järva country |
| 264 | 0 | |c 2011 [2012] | |
| 500 | |a estn. Res. 252: Liivi sőja aegne aare Sargvere asulakohalt Järvamaalt | ||
| 650 | 7 | |a Livländischer Krieg |0 (DE-588)4167979-9 |0 (DE-603)085760803 |2 gnd | |
| 700 | 1 | |a Rammo, Riina | |
| 700 | 1 | |a Vindi, Andres | |
| 700 | 1 | |a Kiudsoo, Mauri | |
| 773 | 0 | 8 | |i In |t Archaeological fieldwork in Estonia |d Tallinn : Muinsuskaitseamet, 1997- |x 1406-3972 |g (2011), Seite 245-252, 8 Abb. |w (DE-603)071356592 |w (DE-600)1448704-4 |
| 924 | 0 | |9 2080 |a (DE-603)788899481 |b DE-2080 |c HES |d d |g / | |


